000 00594nam a2200205Ia 4500
003 GCL
008 140319s9999 xx 000 0 ara d
040 _aGCL /
_cGCL
082 0 4 _a157.2
_bم ش
100 1 _aمحمد غانم
245 1 0 _aشطحات نفسية /
_cمحمد غانم
300 _a163 ص
490 _aالهيئة العامة للاستعلامات
_v0
650 0 4 _aعلم النفس
650 0 4 _aالامراض
650 0 4 _aالطب النفسى
650 0 4 _aالامراض النفسية
650 0 4 _aعلم النفس الاكلينيكى
942 _2ddc
_cBK
999 _c49515
_d49515